|
|
|
|
| LEADER |
00959cam a2200253 7i4500 |
| 001 |
0000064173 |
| 005 |
20211202090000.0 |
| 020 |
|
|
|a 9781315186146 (electronic book)
|
| 020 |
|
|
|a 9789814774208
|
| 090 |
0 |
0 |
|a TA455.G65
|b E65 2018
|
| 245 |
0 |
0 |
|a Epitaxial graphene on silicon carbide :
|b modelling, characterization, and applications
|c edited by Gemma Rius, Philippe Godignon.
|
| 264 |
|
|
|a Singapore:
|b Pan Stanford Publishing Pte. Ltd,
|c 2018.
|
| 300 |
|
|
|a 1 online resource (xii, 248 pages):
|b text file, PDF.
|
| 336 |
|
|
|a text
|2 rdacontent
|
| 337 |
|
|
|a computer
|2 rdamedia
|
| 338 |
|
|
|a online resource
|2 rdacarrier
|
| 650 |
0 |
0 |
|a Silicon cardine
|
| 650 |
0 |
0 |
|a Graphene
|
| 655 |
0 |
0 |
|a Electronic books
|
| 700 |
1 |
|
|a Rius, Gemma
|
| 700 |
1 |
|
|a Godignon, Philippe
|
| 856 |
4 |
2 |
|u http://library.unisel.edu.my/web/guest/mylibrary
|
| 997 |
|
|
|a Engineering & Life Sciences, Faculty
|b Engineering, Department
|
| 999 |
|
|
|a EBO0008818
|b EBOOK
|c EBOOK
|e Electronic resources
|